[Event "AUTO-ADV-1464"]
[Site "http://www.queenalice.com/game.php?id=647811"]
[Date "2009.9.5"]
[Round "1"]
[White "brido83"]
[Black "Escila"]
[Result "1-0"]
[WhiteElo "1661"]
[BlackElo "1806"]

1. e4 c5 2. Nf3 Nc6 3. d4 cxd4 4. Nxd4 g6 5. Nc3 Bg7 6. Nxc6 bxc6 7. Bc4 Bxc3+
8. bxc3 e6 9. Qd6 Qa5 10. O-O Qxc3 11. Ba3 Qg7 12. Rab1 1-0

[Event "Challenge"]
[Site "http://www.queenalice.com/game.php?id=665200"]
[Date "2009.10.10"]
[Round "-"]
[White "Escila"]
[Black "Tlaloc2k"]
[Result "1-0"]
[WhiteElo "1775"]
[BlackElo "1694"]

1. e4 c5 2. Nf3 Nc6 3. d4 e6 4. c3 b6 5. g3 Nf6 6. Nbd2 cxd4 7. cxd4 Bb4 8. Bd3
O-O 9. a3 Be7 10. b4 d5 11. e5 Ne4 12. Nxe4 dxe4 13. Bxe4 Bd7 14. Qd3 g6 15. Bh6
Re8 16. b5 Na5 17. Bxa8 Qxa8 18. O-O Qd5 19. a4 Bc8 20. Nd2 Bb7 21. f3 Rd8 22.
Be3 g5 23. Rac1 g4 24. Rc7 Qxe5 25. dxe5 Rxd3 26. Rxe7 Rxe3 27. fxg4 Re2 28. Rf2
Rxe5 29. Rfxf7 Rg5 30. Rxb7 Nxb7 31. Rxb7 Rxg4 32. Rxa7 Rd4 33. Nf3 Rd3 34. Ng5
e5 35. Rxh7 Rd5 36. Re7 Kf8 37. Re6 Kg7 38. Rxb6 Rd1+ 39. Kg2 Ra1 40. Ra6 Rc1
41. Rc6 Ra1 42. Rc4 Kg6 43. h4 Ra2+ 44. Kh3 Kh5 45. Rb4 Ra1 46. b6 Rh1+ 47. Kg2
1-0

[Event "Dragon-2"]
[Site "http://www.queenalice.com/game.php?id=712944"]
[Date "2010.1.13"]
[Round "1"]
[White "Escila"]
[Black "kasker"]
[Result "0-1"]
[WhiteElo "1777"]
[BlackElo "2452"]

1. e4 c5 2. Nf3 a6 3. d4 cxd4 4. Nxd4 Nf6 5. Nc3 e5 6. Nb3 Bb4 7. Bg5 h6 8. Bxf6
Bxc3+ 9. bxc3 Qxf6 10. Bd3 Qc6 11. Qd2 d6 12. O-O O-O 13. f4 Nd7 14. fxe5 Nxe5
15. Nd4 Qc7 16. a4 Bd7 17. a5 Rae8 18. h3 Qc5 19. Rfb1 Nc6 0-1

[Event "AUTO-ADV-1721"]
[Site "http://www.queenalice.com/game.php?id=758205"]
[Date "2010.4.8"]
[Round "1"]
[White "tenentemurdock"]
[Black "Escila"]
[Result "0-1"]
[WhiteElo "1537"]
[BlackElo "1788"]

1. e4 c5 2. Bc4 Nc6 3. Qf3 Nf6 4. d3 Ne5 5. Qe3 Nxc4 6. Qxc5 Nb6 7. e5 Nfd5 8.
c4 Nc7 9. d4 Ne6 10. Qa3 Nxd4 11. Qc3 Nc6 12. c5 Nd5 13. Qd4 Nxd4 0-1

[Event "AUTO-ADV-1721"]
[Site "http://www.queenalice.com/game.php?id=758206"]
[Date "2010.4.8"]
[Round "1"]
[White "Escila"]
[Black "tenentemurdock"]
[Result "1-0"]
[WhiteElo "1794"]
[BlackElo "1660"]

1. e4 e5 2. Nf3 Nc6 3. d4 exd4 4. Nxd4 Nxd4 5. Qxd4 Qe7 6. Be3 d6 7. Bc4 c5 8.
Qd2 b5 9. Bxb5+ Bd7 10. Bxd7+ Qxd7 11. Nc3 Rb8 12. b3 Nf6 13. h3 a5 14. a4 Be7
15. O-O O-O 16. Rfd1 Rb4 17. f3 Nh5 18. Bxc5 Rb7 19. Nb5 Rd8 20. Qxa5 Nf4 21.
Qe1 Rxb5 22. axb5 Qxb5 23. Ra5 Qxc5+ 24. Rxc5 dxc5 25. Rxd8+ Bxd8 26. Qe3 Ne6
27. f4 1-0

[Event "AUTO-ADV-1721"]
[Site "http://www.queenalice.com/game.php?id=758227"]
[Date "2010.4.8"]
[Round "1"]
[White "reibas"]
[Black "Escila"]
[Result "1-0"]
[WhiteElo "1797"]
[BlackElo "1842"]

1. e4 c5 2. f4 Nc6 3. Nc3 g6 4. Bc4 Bg7 5. Nge2 Nf6 6. O-O d6 7. d3 a6 8. a3 b5
9. Ba2 Bg4 10. Rf2 e6 11. h3 Bh5 12. Qf1 Bxe2 13. Nxe2 1-0

[Event "AUTO-ADV-1721"]
[Site "http://www.queenalice.com/game.php?id=758228"]
[Date "2010.4.8"]
[Round "1"]
[White "Escila"]
[Black "reibas"]
[Result "0-1"]
[WhiteElo "1861"]
[BlackElo "1778"]

1. e4 e5 2. Nf3 Nc6 3. Bb5 d6 4. O-O a6 5. Ba4 Nf6 6. Re1 Be7 7. a3 O-O 8. Nc3
b5 9. Bb3 Be6 10. Nd5 Bxd5 11. exd5 Nd4 12. Nxd4 exd4 13. d3 Rc8 0-1

[Event "AUTO-ADV-1770"]
[Site "http://www.queenalice.com/game.php?id=779225"]
[Date "2010.5.22"]
[Round "1"]
[White "Escila"]
[Black "markmooney"]
[Result "0-1"]
[WhiteElo "1774"]
[BlackElo "1742"]

1. e4 c5 2. Nc3 Nc6 3. f4 e6 4. d3 b6 5. g3 Bb7 6. Bg2 f5 7. e5 d6 8. exd6 Bxd6
9. Nb5 Be7 10. Qe2 a6 11. Na3 Nd4 12. Qf2 Bxg2 13. Qxg2 Qd5 14. Qxd5 exd5 15. c3
Nc6 16. Nf3 Nf6 17. h3 O-O 18. Be3 Rae8 19. O-O-O Nh5 20. Rhg1 Bf6 21. Nc2 g6
22. Bf2 Re2 23. Be3 Re8 24. Rde1 Rxe1+ 25. Ncxe1 Rxe3 0-1

[Event "AUTO-ADV-1770"]
[Site "http://www.queenalice.com/game.php?id=779226"]
[Date "2010.5.22"]
[Round "1"]
[White "markmooney"]
[Black "Escila"]
[Result "0-1"]
[WhiteElo "1796"]
[BlackElo "1757"]

1. c4 c6 2. Nc3 Nf6 3. d4 d5 4. Nf3 Bf5 5. Bf4 Nbd7 6. g3 dxc4 7. Bg2 Nb6 8. O-O
Nfd5 9. Nd2 Nxf4 10. e4 Nxg2 11. exf5 Nh4 12. gxh4 Qxd4 13. Nf3 Qg4+ 14. Kh1 Rd8
15. Qe2 Qxf5 16. Rae1 e6 17. Rg1 g6 18. Nd4 Rxd4 19. Rg5 Qf4 20. Qe5 Qxe5 21.
Rgxe5 Rxh4 22. Ne4 Be7 23. a3 O-O 24. Ng3 Nd5 25. Ne2 Bd6 26. Rg5 Rxh2+ 27. Kg1
Nf4 28. Nxf4 Bxf4 29. Rg4 Bc7 30. Rxc4 Rd8 31. Rb4 b6 32. Rc4 c5 33. b4 Rd5 34.
Rec1 Rg5+ 35. Kf1 Rh1+ 36. Ke2 Rxc1 37. Rxc1 Bd6 0-1

[Event "AUTO-ADV-1770"]
[Site "http://www.queenalice.com/game.php?id=779227"]
[Date "2010.5.22"]
[Round "1"]
[White "Escila"]
[Black "QuinhoFogo"]
[Result "0-1"]
[WhiteElo "1803"]
[BlackElo "1732"]

1. e4 e5 2. Nf3 Nc6 3. Bb5 a6 4. Ba4 b5 5. Bb3 Bc5 6. d3 d6 7. Ng5 Qf6 8. Qf3
Qxf3 9. gxf3 Be6 10. Nxe6 fxe6 11. Bxe6 Nf6 12. c3 Nd8 13. Bb3 a5 14. a3 a4 15.
Ba2 c6 16. Be3 Nb7 17. d4 exd4 0-1

[Event "AUTO-ADV-1770"]
[Site "http://www.queenalice.com/game.php?id=779228"]
[Date "2010.5.22"]
[Round "1"]
[White "QuinhoFogo"]
[Black "Escila"]
[Result "1-0"]
[WhiteElo "1711"]
[BlackElo "1824"]

1. e4 c5 2. Bc4 Nc6 3. Qf3 Ne5 4. Qc3 Nxc4 5. Qxc4 e6 6. Nc3 g6 7. Nf3 d6 8.
Qb5+ Qd7 9. O-O Bg7 10. Qxd7+ Bxd7 11. d3 Nf6 12. Bg5 O-O 13. a3 b5 14. e5 dxe5
15. Nxe5 Bc8 16. Nxb5 1-0

[Event "Challenge"]
[Site "http://www.queenalice.com/game.php?id=837670"]
[Date "2010.9.25"]
[Round "-"]
[White "Escila"]
[Black "ensito"]
[Result "1-0"]
[WhiteElo "1792"]
[BlackElo "1790"]

1. e4 e5 2. Nf3 d6 3. d4 exd4 4. Nxd4 c5 5. Nb3 Be6 6. Nc3 Bxb3 7. axb3 g6 8.
Nd5 h6 9. c3 Nf6 10. Qc2 Nxd5 11. exd5 Qe7+ 12. Be3 Bg7 13. Bb5+ Nd7 14. O-O O-O
15. Rfe1 Ne5 16. Bxc5 dxc5 17. f4 Qd6 18. fxe5 Bxe5 19. g3 Qxd5 20. Rad1 Qe6 21.
Bc4 Qf6 22. Rf1 Qg5 23. Rd7 Qe3+ 24. Qf2 Qxf2+ 25. Rxf2 Bg7 26. Rxb7 a5 27.
Rfxf7 Rxf7 28. Rxf7 Kh7 29. Rc7 a4 30. bxa4 Rxa4 31. Rxc5 Ra1+ 32. Kg2 Rd1 33.
Rb5 Rd2+ 34. Kh3 h5 35. Rb7 g5 36. Bf7 g4+ 37. Kh4 Bf6+ 38. Kxh5 Rxh2+ 39. Kxg4
Bg7 40. Be6 Rf2 41. Bf5+ Kg8 42. Kg5 Rg2 43. g4 Rh2 44. Kf4 Rf2+ 45. Ke3 Rh2 46.
Kd3 Rh6 47. c4 Rd6+ 48. Kc2 Rd4 49. b3 Rf4 50. c5 Rf2+ 51. Kd3 Ra2 52. c6 Bh6
53. c7 Rd2+ 54. Kc4 1-0

[Event "Challenge"]
[Site "http://www.queenalice.com/game.php?id=838840"]
[Date "2010.9.27"]
[Round "-"]
[White "ensito"]
[Black "Escila"]
[Result "0-1"]
[WhiteElo "1811"]
[BlackElo "1775"]

1. d4 d5 2. e3 c5 3. Bb5+ Nc6 4. Bxc6+ bxc6 5. dxc5 e5 6. b4 Nf6 7. Nf3 Bg4 8.
h3 Bxf3 9. Qxf3 a5 10. Bd2 Ne4 11. Nc3 Nxd2 12. Kxd2 axb4 13. Ne2 Bxc5 14. Qg3
Qf6 15. Rhd1 O-O 16. Ke1 Qf5 17. Rdc1 Ra3 18. Qh2 Rfa8 19. Ng3 Qe6 20. e4 Qf6
21. f3 Qf4 22. c3 Rxa2 23. Nf1 Rxa1 24. Qxf4 exf4 25. Rxa1 Rxa1+ 26. Ke2 bxc3
27. Kd3 Rxf1 0-1

[Event "AUTO-ADV-2118"]
[Site "http://www.queenalice.com/game.php?id=922139"]
[Date "2011.4.5"]
[Round "1"]
[White "Escila"]
[Black "DORLISS"]
[Result "0-1"]
[WhiteElo "1779"]
[BlackElo "1821"]

1. e4 e5 2. Nf3 Nc6 3. d4 d5 4. Nc3 dxe4 5. Nxe4 f5 6. Bg5 Nf6 7. Nxf6+ gxf6 8.
Be3 f4 9. Bd2 Bf5 10. a3 Nxd4 0-1

[Event "AUTO-ADV-2118"]
[Site "http://www.queenalice.com/game.php?id=922166"]
[Date "2011.4.5"]
[Round "1"]
[White "Escila"]
[Black "maurice91"]
[Result "0-1"]
[WhiteElo "1808"]
[BlackElo "1834"]

1. e4 e5 2. Nf3 Nc6 3. d4 exd4 4. Nxd4 Nxd4 5. Qxd4 d6 6. Nc3 Nf6 7. Bg5 Be7 8.
Bd3 h6 9. Bh4 Bd7 10. O-O-O Be6 0-1

[Event "AUTO-ADV-2118"]
[Site "http://www.queenalice.com/game.php?id=922167"]
[Date "2011.4.5"]
[Round "1"]
[White "maurice91"]
[Black "Escila"]
[Result "1-0"]
[WhiteElo "1849"]
[BlackElo "1793"]

1. d4 d5 2. c4 c6 3. Nc3 Nf6 4. Nf3 Bf5 5. cxd5 cxd5 6. Bf4 Nc6 7. e3 e6 8. a3
Bd6 9. Bxd6 Qxd6 10. Be2 a6 11. O-O 1-0